LEADER 01489nam 2200373Ia 450 001 996388185703316 005 20221108073621.0 035 $a(CKB)1000000000636245 035 $a(EEBO)2240929842 035 $a(OCoLC)9920400000971 035 $a(EXLCZ)991000000000636245 100 $a19910524d1632 uy | 101 0 $aeng 135 $aurbn||||a|bb| 200 10$aHallelu-iah, praise yee the Lord, for the vnburthening of a loaden conscience, by his grace in Iesus Christ, vouchsafed unto the worst sinner of all the world$b[electronic resource] 210 $aLondon $cPrinted for Iames Boler$d1632 215 $a[4], 171 p. $cmusic 300 $aCaption title: The vnburthening of a loaden conscience. 300 $aDedication signed: Richard Kilby. 300 $aSignatures: A⁶ B-G¹² H¹⁰. 300 $aPage 97 misnumbered 98. 300 $aImperfect: p. 77-78 torn, with loss of print. 300 $aReproduction of original in the University of Illinois (Urbana-Champaign Campus). Library. 330 $aeebo-0167 606 $aConscience$vEarly works to 1800 615 0$aConscience 700 $aKilby$b Richard$fd. 1617.$01006882 801 0$bEBK 801 1$bEBK 801 2$bWaOLN 906 $aBOOK 912 $a996388185703316 996 $aHallelu-iah, praise yee the Lord, for the vnburthening of a loaden conscience, by his grace in Iesus Christ, vouchsafed unto the worst sinner of all the world$92318180 997 $aUNISA